Ayam jantan & itik jantan

Bibliographic Details
Format: Book

MARC

LEADER 00000cam a2200000 7i4500
001 0000009408
002 000010243
005 20000330.0
020 |a 9678402432 
090 0 0 |a JF   |b KER 
245 1 0 |a Ayam jantan & itik jantan 
999 |a 0005934   |b BUKU   |c PINJAMAN   |e PERPUSTAKAAN KOMUNITI PETALING JAYA